00226nam a2200085Ia 4500001000800000005001700008008004100025245005700066260001700123117744720250827012728.0250824s9999 xx 000 0 und d 0aBİTMEMİŞ İNŞA/P3cAHMET MELİH KARAUĞUZ bKETEBE YAYIN